000 00441nam a2200121 i 4500
001 bg
245 0 _aWybrane problemy gospodarki przestrzennej :
_bmateriały na konferencję, Kołobrzeg 4-7 października 1977. Z.1-15 /
_cKomitet Przestrzenego Zagospodarowania Kraju PAN, Koszaliński Ośrodek Naukowo-Badawczy.
260 _aKołobrzeg,
_c1977.
040 _cBPK
041 _apol
942 _cKS
008 s pl f |000 0 pol
999 _c27791
_d27791
856 _uhttp://koha.tu.koszalin.pl/cgi-bin/koha/opac-detail.pl?biblionumber=27791
_yKatalog online BPK